000 01229nam a2200217Ia 4500
003 Ost
005 20260507075732.0
008 260507s9999||||xx |||||||||||||| ||und||
040 _cfsecg
041 _aara
082 _a657.044
100 _aجمعة، اسماعيل إبراهيم
_eمؤلف
245 0 _aالمحاسبة المتوسطة الاطار الفكري و العلمي للمحاسبة كنظام للمعلومات /
_c اسماعيل إبراهيم جمعة
260 _aالاسكندرية:
_bالدار الجامعية,
_c2003
300 _a440 صفحة؛
_c24 سم
520 _aويحتوي علي ثمانية فصول تشمل المحاسبة المحاسبة المتوسطة الإطار الفكري و العلمي للمحاسبة كنظام للمعلومات المحاسبة كنظام المعلومات المحاسبة المالية الميزانية و قائمة التدفقات النقدية الاصول النقدية /القياس المحاسبي للاصول النقدية والغير النقدية
653 _aالمحاسبة
653 _aالمحاسبة المالية
700 _aالصبان، محمد سمير
_eمؤلف ثانوي
942 _cكتاب
999 _c46045
_d46045